The Power of Narrative in Environmental Networks

Dades bibliogràfiques
Autor principal: Lejano
Format: Electrònic eBook
Idioma:English
Publicat: The MIT Press
Matèries:
Accés en línia:Full text available on Project MUSE [11/4/13]
Off-campus access
LEADER 01053pam a2200253 a 4500
001 AALebookProjectMUSE021821
003 BD-DhAAL
006 m||||||||d||||||||
007 cr||||||||||||
008 221121s9999 xxuabf fo j 001 0 eng d
020 |a 026201937X 
020 |a 9780262315340 
040 |a BD-DhAAL  |c BD-DhAAL 
100 1 |a Lejano 
245 0 0 |h [electronic resource]  |a The Power of Narrative in Environmental Networks 
260 |b The MIT Press 
300 |a 1 online resource 
500 |a <strong>Off-Campus Access:</strong> Athens ID and Password Required 
500 |a <strong>On-Campus Access:</strong> No User ID or Password Required 
506 |a Electronic access restricted to authorized BRAC University faculty, staff and students 
538 |a Mode of access: Internet 
655 7 |a Electronic books  |2 Library of Congress 
856 4 0 |z Full text available on Project MUSE [11/4/13]  |u https://muse.jhu.edu/book/26276 
856 4 0 |z Off-campus access  |u https://go.openathens.net/redirector/bracu.ac.bd?url=https%3A%2F%2Fmuse.jhu.edu%2Fbook%2F26276